Principles of terrestrial ecosystem ecology / (Record no. 7065)

MARC details
000 -LEADER
fixed length control field 01305cam a2200361 a 4500
001 - CONTROL NUMBER
control field 16907832
003 - CONTROL NUMBER IDENTIFIER
control field OSt
005 - DATE AND TIME OF LATEST TRANSACTION
control field 20210901123016.0
008 - FIXED-LENGTH DATA ELEMENTS--GENERAL INFORMATION
fixed length control field 110808s2011 nyuab b 001 0 eng
010 ## - LIBRARY OF CONGRESS CONTROL NUMBER
LC control number 2011935993
020 ## - INTERNATIONAL STANDARD BOOK NUMBER
International Standard Book Number 9781441995032 (hardcover : acidfree paper)
020 ## - INTERNATIONAL STANDARD BOOK NUMBER
International Standard Book Number 9781441995025 (softcover)
020 ## - INTERNATIONAL STANDARD BOOK NUMBER
International Standard Book Number 9781441995049 (ebk.)
040 ## - CATALOGING SOURCE
Original cataloging agency DLC
Transcribing agency DDC
Modifying agency DLC
042 ## - AUTHENTICATION CODE
Authentication code pcc
050 00 - LIBRARY OF CONGRESS CALL NUMBER
Classification number QH541
Item number .C3595 2011
082 00 - DEWEY DECIMAL CLASSIFICATION NUMBER
Classification number 577CHA2011
100 1# - MAIN ENTRY--PERSONAL NAME
Personal name Chapin, F. Stuart
Fuller form of name (Francis Stuart),
Titles and words associated with a name III
9 (RLIN) 14545
245 10 - TITLE STATEMENT
Title Principles of terrestrial ecosystem ecology /
Statement of responsibility, etc. Edited by Chapin,F.Stuart III, Matson,Pamela A. , Vitousek,Peter M.
250 ## - EDITION STATEMENT
Edition statement 2nd ed.
260 ## - PUBLICATION, DISTRIBUTION, ETC. (IMPRINT)
Place of publication, distribution, etc. New York :
Name of publisher, distributor, etc. Springer,
Date of publication, distribution, etc. c2011.
300 ## - PHYSICAL DESCRIPTION
Extent xv, 529 p. :
Other physical details ill. (some col.), col. maps ;
Dimensions 26 cm.
504 ## - BIBLIOGRAPHY, ETC. NOTE
Bibliography, etc Includes; glossary, bibliographical references (p. 473-509) and index.
650 #0 - SUBJECT ADDED ENTRY--TOPICAL TERM
Topical term or geographic name as entry element Biology
9 (RLIN) 5602
650 #0 - SUBJECT ADDED ENTRY--TOPICAL TERM
Topical term or geographic name as entry element Ecosystem health.
9 (RLIN) 14548
650 #0 - SUBJECT ADDED ENTRY--TOPICAL TERM
Topical term or geographic name as entry element Biogeochemical cycles.
9 (RLIN) 14550
650 #0 - SUBJECT ADDED ENTRY--TOPICAL TERM
Topical term or geographic name as entry element Biological systems.
9 (RLIN) 14552
700 1# - ADDED ENTRY--PERSONAL NAME
Personal name Matson, P. A.
Fuller form of name (Pamela A.)
9 (RLIN) 14553
700 1# - ADDED ENTRY--PERSONAL NAME
Personal name Vitousek, Peter Morrison.
9 (RLIN) 14554
906 ## - LOCAL DATA ELEMENT F, LDF (RLIN)
a 7
b cbc
c orignew
d 2
e epcn
f 20
g y-gencatlg
942 ## - ADDED ENTRY ELEMENTS (KOHA)
Source of classification or shelving scheme Dewey Decimal Classification
Koha item type Open Shelf
Holdings
Withdrawn status Lost status Source of classification or shelving scheme Damaged status Not for loan Home library Current library Date acquired Source of acquisition Inventory number Total Checkouts Full call number Barcode Date last seen Price effective from Koha item type
    Dewey Decimal Classification     MUST Main Library MUST Main Library 31/08/2021 Purchase 12/36778   577CHA2011 2021-0761 31/08/2021 31/08/2021 Open Shelf